Wszystkie miejscowości w gminie Lipusz - Statystyki

Ogólne statystyki
  • Ten quiz został rozwiązany 4 razy
  • Średni wynik to 15 z 38
Statystyki odpowiedzi
Miejscowość Odpowiedź % Poprawnych
Osada Bałachy
100%
Wieś Lipusz
100%
Osada Krugliniec
67%
Wieś Lipuska Huta
67%
Wieś Papiernia
67%
Wieś Tuszkowy
67%
Osada Bagna
33%
Osada Borowiec
33%
Osada Czajki-Błoto
33%
Osada Duży Jabłuszek
33%
Wieś Gostomko
33%
Osada Jasna Gwiazda
33%
Osada Konitop
33%
Osada Krosewo
33%
Osada Kula
33%
Osada Mały Jabłuszek
33%
Osada Mechowo
33%
Osada Nowe Karpno
33%
Osada Nowy Żelewiec
33%
Osada Leśna Płocice
33%
Wieś Płocice
33%
Osada Płociczno
33%
Osada Rzepiska
33%
Osada Rzym
33%
Osada Skoczkowo
33%
Wieś Śluza
33%
Osada Stare Karpno
33%
Osada Szczeblewo
33%
Wieś Szklana Huta
33%
Osada Szwedzki Ostrów
33%
Osada Trawice
33%
Osada Wyrówno
33%
Osada Zdroje
33%
Osada Żelewiec
33%
Osada Zielony Dwór
33%
Osada Leśna Żółno
33%
Osada Bartkowa Stajnia
0%
Osada Dębowa Górna
0%
Nie znaleziono quizów pasujących do podanych kryteriów
Rozkład punktacji
Procent ludzi z każdym wynikiem
Percentyl według liczby udzielonych odpowiedzi
Twoja historia wyników
Nie rozwiązałeś tego quizu